Bytový dom

Uložené v:
Podrobná bibliografia
Hlavný autor: Kováč, Roland (Autor)
Ďalší autori: Petro, Marek (Vedúci práce)
Médium: Rukopis Kniha
Jazyk:Slovak
Vydavateľské údaje: 2022
Predmet:
On-line prístup:http://is.stuba.sk/zp/portal_zp.pl?podrobnosti=155925
https://opac.crzp.sk/?fn=detailBiblioForm&sid=EC9507141B5FF6F0410BCCC822A1
Tagy: Pridať tag
Žiadne tagy, Buďte prvý, kto otaguje tento záznam!

MARC

LEADER 00000ntm a22000003a 4500
001 stuzp90920
003 SK-STU
005 20230505134921.7
007 ta
008 150427s2015----xo-----f-mn---000-0-slo-d
040 |a STU  |b slo 
041 0 |a slo 
100 1 |a Kováč, Roland  |u 010270  |4 aut  |U SvF Stavebná fakulta  |T SvF Katedra technológie stavieb  |X 103847  |U V270  |Y 28  |7 103847 
242 0 1 |a Flat House  |y eng 
245 1 0 |a Bytový dom 
260 |c 2022 
650 4 |a DEBNENIE  |2 slo 
650 4 |a STROPOV  |2 slo 
650 4 |a PERI  |2 slo 
650 4 |a PERI  |2 eng 
650 4 |a CEILING  |2 eng 
650 4 |a FORMWORK  |2 eng 
700 1 |a Petro, Marek  |u 010270  |k Z1  |4 ths  |U SvF Stavebná fakulta  |T SvF Katedra technológie stavieb  |X 18958  |U V270  |Y 28  |7 A000018958 
856 4 |u http://is.stuba.sk/zp/portal_zp.pl?podrobnosti=155925 
856 4 |u https://opac.crzp.sk/?fn=detailBiblioForm&sid=EC9507141B5FF6F0410BCCC822A1